[Event "Penang op 11th"]
[Site "Penang"]
[Date "2019.12.10"]
[Round "3"]
[White "Navaratnam, Ishaan Quan Tze"]
[Black "Wong, Shyun Fwu Aldrin"]
[Result "1-0"]
[WhiteElo "1458"]
[BlackElo "1647"]
[PlyCount "59"]
[EventDate "2019.12.09"]
[EventType "swiss"]
[EventRounds "9"]
[EventCountry "MAS"]
[SourceTitle "CBM 193 Extra"]
[Source "ChessBase"]
[SourceDate "2020.01.31"]
[SourceVersion "1"]
[SourceVersionDate "2020.01.31"]
[SourceQuality "1"]

1. e4 e5 2. Nf3 Nc6 3. Bc4 Bc5 4. b4 Bxb4 5. c3 Be7 6. d4 Na5 7. Nxe5 Nxc4 8. Nxc4 d5 9. exd5 Qxd5 10. Ne3 Qd8 11. 0-0 Nf6 12. Re1 0-0 13. Ba3 Re8 14. Bxe7 Rxe7 15. Nd2 Ne4 16. Nec4 Nxc3 17. Qf3 Nd5 18. Re5 Nf6 19. Rae1 Be6 20. Na5 c6 21. Ndb3 Rc8 22. h3 Bd5 23. Qe3 Rxe5 24. dxe5 Ne4 25. Nxb7 Qb6 26. Nd6 Qxe3 27. Rxe3 Nxd6 28. exd6 Bxb3 29. d7 Rf8 30. Re1 1-0